| 000 | 00420nam a22001577a 4500 | ||
|---|---|---|---|
| 005 | 20231106103025.0 | ||
| 008 | 231106b |||||||| |||| 00| 0 eng d | ||
| 041 | _aEnglish | ||
| 082 | _a346.5 WIL | ||
| 100 |
_aBurdette, D _lEnglish |
||
| 245 |
_aWills and Estates / _cD Burdette |
||
| 260 | _c1996 | ||
| 300 |
_b116 pages ; _c30 cm. |
||
| 650 |
_aLegal practice _bLaw |
||
| 942 |
_cBK _6ALISON_BN_VRIES |
||
| 999 |
_c308 _d308 |
||